000 01913cam a2200505 i 4500
001 zz2003980366
003 NUKAT
005 20260429231812.0
008 030527s1930 pl a |001 0 pol c
035 _a(OCoLC)1412092162
035 _a(NUKAT)zz2003980366
040 _aGD U/MZ
_bpol
_erda
_cGD U/MZ
_dGD U/MZ
_dGD U/KMs
_dGD U/as
_dLUBL M/JD
_dBSTOK U/EB
_dOLSZT 008/AL
045 2 _bd1830
_bd1831
046 _k1930
100 1 _aTokarz, Wacław
_d(1873-1937).
_eAutor
_92640
245 1 0 _aWojna polsko-rosyjska :
_b1830 i 1831 : z atlasem /
_cWacław Tokarz.
260 _aWarszawa :
_bWojskowy Instytut Naukowo-Wydawniczy,
_c1930.
300 _aXXXII, 635 strony :
_berrata ;
_c25 cm
_e+ Atlas : [62] karty tablic ; 27 cm.
336 _aTekst
_btxt
_2rdacontent
337 _aBez urządzenia pośredniczącego
_bn
_2rdamedia
338 _aWolumin
_bnc
_2rdacarrier
380 _aKsiążki
380 _aPublikacje naukowe
388 1 _a1901-2000
388 1 _a1918-1939
504 _aIndeks.
530 _aDostępne również w formie elektronicznej.
610 2 7 _aArmia Carska
_2DBN
_940958
610 2 7 _aWojsko Królestwa Polskiego
_2DBN
_940959
648 7 _a1801-1900
_2DBN
_936037
650 7 _aBitwy
_2DBN
_939932
650 7 _aPowstanie listopadowe (1830-1831)
_2DBN
_935116
650 7 _aSztuka wojenna
_2DBN
_936976
651 7 _aKrólestwo Polskie (1815-1915)
_2DBN
_939253
651 7 _aRosja
_2DBN
_936145
651 7 _aPolska
_y1830-1831 (Powstanie Listopadowe)
_xkampanie i bitwy.
_2kaba
_935542
655 7 _aMonografia
_2DBN
_935240
658 _aBezpieczeństwo i wojskowość
658 _aHistoria
710 2 _aWojskowy Instytut Naukowo-Wydawniczy.
_eWydawca
_4pbl
_912843
856 4 1 _uhttp://pbc.biaman.pl/dlibra/docmetadata?id=8857
856 4 1 _uhttps://delibra.bg.polsl.pl/publication/65406
856 4 1 _uhttps://delibra.bg.polsl.pl/publication/65407
942 _2ddc
_cBK_NM
999 _c27890
_d27890